000 00882nas a2200301 4500
001 BR0102109
003 BR-BrBNA
005 20231205102231.0
007 ta
008 230509b bl.|||p| |||| 00| 00por d
040 _aBR-BrBNA
_bpor
_cBiblioteca Nacional de Agricultura
041 _a(Pt)
072 _aF06; F60
100 1 _aCarlesso, R.
100 1 _aPeiter, M.X.
100 1 _aChristofari, C.D.P.
100 1 _aWolschick, D.
100 1 _aPetry, M.T.
245 1 _aManejo da irrigacao do milho a partir da evapotranspiracao maxima da cultura
650 _aMilho
650 _aIrrigacao
650 _aEvapotranspiracao
650 _aRelacao Solo-Planta
650 _aRio Grande do Sul
773 0 _tEngenharia Agricola (Brazil)
_xISSN 0100-6916
_g(Jan 2000), v. 20(1) p. 15-23
_wBR0102109
909 _a202311
_bLúcia
_c55
_dLúcia Elande
942 _2AGRIS
_n0
_cANA
999 _c166462
_d166462